Karin Becher, Le Lyrisme d’Eustache Deschamps. Entre poésie et pragmatisme, Paris, Classiques Garnier, 2012 ; 1 vol., 264 p. (Recherches littéraires médiévales, 12). ISBN : 978-2-8124-0609-6. Prix : € 29,00 (notice n° 1656534)

détails MARC
000 -LEADER
fixed length control field 01553cam a2200157 4500500
005 - DATE AND TIME OF LATEST TRANSACTION
control field 20260208010431.0
041 ## - LANGUAGE CODE
Language code of text/sound track or separate title fre
042 ## - AUTHENTICATION CODE
Authentication code dc
100 10 - MAIN ENTRY--PERSONAL NAME
Personal name Roccati, Giovanni Matteo
Relator term author
245 00 - TITLE STATEMENT
Title Karin Becher, Le Lyrisme d’Eustache Deschamps. Entre poésie et pragmatisme, Paris, Classiques Garnier, 2012 ; 1 vol., 264 p. (Recherches littéraires médiévales, 12). ISBN : 978-2-8124-0609-6. Prix : € 29,00
260 ## - PUBLICATION, DISTRIBUTION, ETC.
Date of publication, distribution, etc. 2014.<br/>
500 ## - GENERAL NOTE
General note 63
520 ## - SUMMARY, ETC.
Summary, etc. The Franciscans in the Mamluk Sultanate from 1330 to 1516With the fall of the Latin States in the East in 1291, the Franciscans found refuge in Cyprus. However, as soon as the time seemed propitious, they called on the Papacy to help them get back their homes in Syria. In 1333, they returned to the Holy Land and Beirut for good. The Mamluk sultans granted them privileges, which insured their protection, and maintained conditions that allowed them to accomplishing their duties without hindrance. The European powers also supported the presence of the Franciscans in the East, because it often strengthened their interests and objectives, as different as these may have been. This paper studies the question of the Franciscan presence in the Mamluk sultanate during the fourteenth to fifteenth centuries; their role in the organization of pilgrimages; and their relationship with city authorities.
786 0# - DATA SOURCE ENTRY
Note Le Moyen Age | CXX | 1 | 2014-07-31 | p. I-I | 0027-2841
856 41 - ELECTRONIC LOCATION AND ACCESS
Uniform Resource Identifier <a href="https://shs.cairn.info/revue-le-moyen-age-2014-1-page-I?lang=fr&redirect-ssocas=7080">https://shs.cairn.info/revue-le-moyen-age-2014-1-page-I?lang=fr&redirect-ssocas=7080</a>

Pas d'exemplaire disponible.

PLUDOC

PLUDOC est la plateforme unique et centralisée de gestion des bibliothèques physiques et numériques de Guinée administré par le CEDUST. Elle est la plus grande base de données de ressources documentaires pour les Étudiants, Enseignants chercheurs et Chercheurs de Guinée.

Adresse

627 919 101/664 919 101

25 boulevard du commerce
Kaloum, Conakry, Guinée

Réseaux sociaux

Powered by Netsen Group @ 2025